A private answer to the public question (Record no. 71787)

MARC details
000 -LEADER
fixed length control field 00936cam a2200205 4500
001 - CONTROL NUMBER
control field ABS66218
008 - FIXED-LENGTH DATA ELEMENTS--GENERAL INFORMATION
fixed length control field 021217n2002 000 0 eng u
035 ## - SYSTEM CONTROL NUMBER
System control number (Sirsi) u120807
100 ## - MAIN ENTRY--PERSONAL NAME
Personal name Ross Goobey, A
245 #2 - TITLE STATEMENT
Title A private answer to the public question
260 ## - PUBLICATION, DISTRIBUTION, ETC.
Date of publication, distribution, etc. 2002
490 ## - SERIES STATEMENT
Series statement Estates Gazette
Volume/sequential designation (0246) 16 November 2002, 50(1)
520 ## - SUMMARY, ETC.
Summary, etc. Argues that the disadvantages may outweigh the benefits for many property companies which are being publicly listed. The two main reasons for public listing is to raise equity capital from a wide shareholder base, and also to provide liquidity and a market value for shareholders. However, it warns that when discounts are high, and new equity hard to issue, fewer companies will follow this route.
590 ## - LOCAL NOTE (RLIN)
Local note ABS
650 ## - SUBJECT ADDED ENTRY--TOPICAL TERM
Topical term or geographic name entry element PROPERTY COMPANIES
650 ## - SUBJECT ADDED ENTRY--TOPICAL TERM
Topical term or geographic name entry element COMPANY MANAGEMENT
650 ## - SUBJECT ADDED ENTRY--TOPICAL TERM
Topical term or geographic name entry element COMPANY FINANCE
690 ## - LOCAL SUBJECT ADDED ENTRY--TOPICAL TERM (OCLC, RLIN)
Topical term or geographic name as entry element MANAGEMENT-BUSINESS MANAGEMENT
942 ## - ADDED ENTRY ELEMENTS (KOHA)
Suppress in OPAC 0
Holdings
Withdrawn status Lost status Source of classification or shelving scheme Damaged status Not for loan Home library Current library Shelving location Date acquired Total Checkouts Full call number Barcode Date last seen Copy number Price effective from Koha item type
    Dewey Decimal Classification     London London Journal article 17/12/2002   ABS66218 120807-1001 06/08/2019 1 06/08/2019 Journal article